Miley Cyrus Discography - Statistics

General Stats
  • This quiz has been taken 9 times
  • The average score is 64 of 81
Answer Stats
Album Song % Correct
Breakout Breakout
100%
Can't Be Tamed Can't Be Tamed
100%
Bangerz Drive
100%
Younger Now Malibu
100%
The Time Of Our Lives Party In The U.S.A.
100%
The Time Of Our Lives The Time Of Our Lives
100%
Bangerz We Can't Stop
100%
Bangerz Wrecking Ball
100%
Younger Now Younger Now
100%
Breakout 7 Things
88%
Bangerz Adore You
88%
The Time Of Our Lives Before The Storm
88%
Breakout Bottom Of The Ocean
88%
Can't Be Tamed Every Rose Has Its Thorn
88%
Breakout Fly On The Wall
88%
Can't Be Tamed Forgiveness And Love
88%
Bangerz FU
88%
Breakout Goodbye
88%
Younger Now Inspired
88%
Younger Now I Would Die For You
88%
The Time Of Our Lives Kicking And Screaming
88%
Can't Be Tamed Liberty Walk
88%
Can't Be Tamed My Heart Beats For Love
88%
The Time Of Our Lives Obsessed
88%
Can't Be Tamed Permanent December
88%
Can't Be Tamed Robot
88%
Can't Be Tamed Scars
88%
Breakout See You Again
88%
Can't Be Tamed Stay
88%
Can't Be Tamed Take Me Along
88%
The Time Of Our Lives Talk Is Cheap
88%
Breakout The Driveway
88%
Breakout These Four Walls
88%
Breakout Wake Up America
88%
The Time Of Our Lives When I Look At You
88%
Can't Be Tamed Who Owns My Heart
88%
Bangerz 4x4
75%
Younger Now Bad Mood
75%
Miley Cyrus & Her Dead Petz Dooo It!
75%
Breakout Full Circle
75%
Bangerz #GETITRIGHT
75%
Breakout Girls Just Wanna Have Fun
75%
Bangerz Hands In The Air
75%
Miley Cyrus & Her Dead Petz I Get So Scared
75%
Miley Cyrus & Her Dead Petz Karen Don't Be Sad
75%
Bangerz Love Money Party
75%
Younger Now Love Someone
75%
Bangerz Maybe You're Right
75%
Miley Cyrus & Her Dead Petz Milky Milky Milk
75%
Younger Now Miss You So Much
75%
Bangerz My Darlin'
75%
Bangerz On My Own
75%
Miley Cyrus & Her Dead Petz Pablow The Blowfish
75%
Younger Now Rainbowland
75%
Bangerz Rooting For My Baby
75%
Younger Now She's Not Him
75%
Breakout Simple Song
75%
Bangerz SMS (Bangerz)
75%
Bangerz Someone Else
75%
Miley Cyrus & Her Dead Petz Tangerine
75%
Younger Now Thinkin'
75%
Can't Be Tamed Two More Lonely People
75%
Younger Now Week Without You
75%
Miley Cyrus & Her Dead Petz 1 Sun
63%
Miley Cyrus & Her Dead Petz Bang Me Box
63%
Miley Cyrus & Her Dead Petz BB Talk
63%
Miley Cyrus & Her Dead Petz Cyrus Skies
63%
Bangerz Do My Thang
63%
Miley Cyrus & Her Dead Petz Evil is but a Shadow
63%
Miley Cyrus & Her Dead Petz Fucking Fucked Up
63%
Miley Cyrus & Her Dead Petz Fweaky
63%
Miley Cyrus & Her Dead Petz I Forgive Yiew
63%
Miley Cyrus & Her Dead Petz I'm So Drunk
63%
Miley Cyrus & Her Dead Petz Lighter
63%
Miley Cyrus & Her Dead Petz Miley Tibetan Bowlzzz
63%
Miley Cyrus & Her Dead Petz Something About Space Dude
63%
Miley Cyrus & Her Dead Petz Space Boots
63%
Miley Cyrus & Her Dead Petz The Floyd Song (Sunrise)
63%
Miley Cyrus & Her Dead Petz Tiger Dreams
63%
Miley Cyrus & Her Dead Petz Twinkle Song
63%
Miley Cyrus & Her Dead Petz Slab of Butter (Scorpion)
50%
No matching quizzes found
Score Distribution
Percent of People with Each Score
Percentile by Number Answered
Your Score History
You have not taken this quiz